[Event "XIV American Continental-ch 2019"]
[Site "Sao Paulo"]
[Date "2019.07.07"]
[Round "3.22"]
[White "Lima, Darcy"]
[Black "Donoso Diaz, Sebastian"]
[Result "1-0"]
[WhiteElo "2543"]
[BlackElo "2239"]
[Annotator "ChessBase"]
[PlyCount "91"]
[EventDate "2019.07.05"]
[EventType "swiss"]
[EventCountry "BRA"]
[SourceTitle "playchess.com"]
[Source "ChessBase"]
[SourceQuality "1"]
[TimeControl "40/5400+30:1800+30"]

1. c4 {[%emt 0:00:00]} Nf6 {[%emt 0:02:15]} 2. Nc3 {[%emt 0:00:00]} c5 {[%emt 0:02:12]} 3. Nf3 {[%emt 0:00:00]} Nc6 {[%emt 0:01:51]} 4. d4 {[%emt 0:00:57]} cxd4 {[%emt 0:00:40]} 5. Nxd4 {[%emt 0:00:06]} e6 {[%emt 0:00:12]} 6. Ndb5 {[%emt 0:07:45]} d6 {[%emt 0:07:17]} 7. Bf4 {[%emt 0:00:40]} e5 {[%emt 0:11:14]} 8. Bg5 {[%emt 0:00:07]} a6 {[%emt 0:00:18]} 9. Bxf6 {[%emt 0:01:17]} gxf6 {[%emt 0:00:19]} 10. Na3 {[%emt 0:00:03]} Be6 {[%emt 0:14:28]} 11. g3 {[%emt 0:02:29]} f5 {[%emt 0:01:39]} 12. Bg2 {[%emt 0:00:36]} e4 {[%emt 0:00:37]} 13. f3 {[%emt 0:09:52]} h5 {[%emt 0:06:45]} 14. fxe4 {[%emt 0:02:20]} f4 {[%emt 0:00:29]} 15. gxf4 {[%emt 0:09:36]} Qh4+ {[%emt 0:05:38]} 16. Kd2 {[%emt 0:00:05]} Qxf4+ {[%emt 0:00:21]} 17. e3 {[%emt 0:00:11]} Qe5 {[%emt 0:04:52]} 18. Qf1 {[%emt 0:00:08]} Bh6 {[%emt 0:09:55]} 19. Nc2 {[%emt 0:02:08]} Na5 {[%emt 0:04:51]} 20. b3 {[%emt 0:02:50]} Rc8 {[%emt 0:01:15]} 21. Nd5 {[%emt 0:13:44]} b5 {[%emt 0:00:34]} 22. Qf6 {[%emt 0:00:47]} Qxf6 {[%emt 0:01:01]} 23. Nxf6+ {[%emt 0:00:08]} Kd8 {[%emt 0:08:22]} 24. cxb5 {[%emt 0:01:06]} Bg7 {[%emt 0:00:26]} 25. Raf1 {[%emt 0:00:43]} axb5 {[%emt 0:01:34]} 26. Nd4 {[%emt 0:03:41]} Nc6 {[%emt 0:03:45]} 27. Nxb5 {[%emt 0:01:15]} Ke7 {[%emt 0:00:36]} 28. Nd5+ {[%emt 0:00:43]} Bxd5 {[%emt 0:00:06]} 29. exd5 {[%emt 0:00:03]} Nb4 {[%emt 0:00:09]} 30. Be4 {[%emt 0:15:07]} Nxa2 {[%emt 0:00:52]} 31. Na7 {[%emt 0:00:09]} Ra8 {[%emt 0:04:22]} 32. Nc6+ {[%emt 0:00:20]} Ke8 {[%emt 0:00:03]} 33. Rhg1 {[%emt 0:03:03]} Nc3 {[%emt 0:04:28]} 34. Bc2 {[%emt 0:00:23]} Kf8 {[%emt 0:02:47]} 35. Rxg7 {[%emt 0:01:14]} Kxg7 {[%emt 0:00:15]} 36. Kxc3 {[%emt 0:00:32]} Rhe8 {[%emt 0:00:12]} 37. e4 {[%emt 0:00:13]} Ra6 {[%emt 0:01:04]} 38. b4 {[%emt 0:04:02]} Rea8 {[%emt 0:00:09]} 39. Bb3 {[%emt 0:03:20]} Kg6 {[%emt 0:00:58]} 40. h4 {[%emt 0:01:09]} Re8 {[%emt 0:00:35]} 41. b5 {[%emt 0:31:57]} Rb6 {[%emt 0:00:54]} 42. Bc4 {[%emt 0:00:00]} Ra8 {[%emt 0:01:03]} 43. Kb4 {[%emt 0:00:00]} Rb7 {[%emt 0:00:17]} 44. e5 {[%emt 0:00:00]} dxe5 {[%emt 0:00:30]} 45. Nxe5+ {[%emt 0:00:00]} Kg7 {[%emt 0:00:04]} 46. d6 {[%emt 0:00:00]} 1-0

[Event "XIV American Continental-ch 2019"]
[Site "Sao Paulo"]
[Date "2019.07.07"]
[Round "3.23"]
[White "Di Berardino, Diego Rafael"]
[Black "Guimaraes, Wagner Peixoto"]
[Result "1/2-1/2"]
[WhiteElo "2506"]
[BlackElo "2206"]
[Annotator "RC"]
[PlyCount "123"]
[EventDate "2019.07.05"]
[EventType "swiss"]
[EventCountry "BRA"]
[SourceTitle "playchess.com"]
[Source "ChessBase"]
[SourceQuality "1"]
[TimeControl "40/5400+30:1800+30"]

1. e4 {[%emt 0:00:00]} c5 {[%emt 0:00:30]} 2. Nf3 {[%emt 0:00:00]} e6 {[%emt 0:00:08]} 3. d4 {[%emt 0:00:15]} cxd4 {[%emt 0:00:07]} 4. Nxd4 {[%emt 0:00:03]} a6 {[%emt 0:00:17]} 5. Be2 {[%emt 0:02:18]} Nf6 {[%emt 0:01:21]} 6. Nc3 {[%emt 0:00:04]} Qc7 {[%emt 0:00:13]} 7. O-O {[%emt 0:00:13]} d6 {[%emt 0:02:43]} 8. f4 {[%emt 0:02:15]} Be7 {[%emt 0:02:15]} 9. Kh1 {[%emt 0:01:51]} O-O {[%emt 0:00:59]} 10. a4 {[%emt 0:08:16]} Nc6 {[%emt 0:00:14]} 11. Be3 {[%emt 0:00:09]} Bd7 {[%emt 0:00:39]} 12. Qe1 {[%emt 0:02:39]} Nxd4 {[%emt 0:05:19]} 13. Bxd4 {[%emt 0:01:48]} Bc6 {[%emt 0:00:21]} 14. Qg3 {[%emt 0:00:23]} g6 {[%emt 0:01:54]} 15. Bd3 {[%emt 0:11:46]} e5 {[%emt 0:02:48]} 16. fxe5 {[%emt 0:00:04]} Nh5 {[%emt 0:00:07]} 17. Qf2 {[%emt 0:03:12]} dxe5 {[%emt 0:00:09]} 18. Bb6 {[%emt 0:00:04]} Qc8 {[%emt 0:01:51]} 19. Bc4 {[%emt 0:11:36]} Nf4 {[%emt 0:14:54]} 20. b3 {[%emt 0:00:51]} Kg7 {[%emt 0:15:11]} 21. g3 {[%emt 0:09:28]} Nh3 {[%emt 0:02:13]} 22. Qg2 {[%emt 0:01:03]} Qg4 {[%emt 0:10:25]} 23. Nd5 {[%emt 0:08:51]} Ng5 {[%emt 0:07:43]} 24. Rae1 {[%emt 0:00:42]} Qd7 {[%emt 0:10:09]} 25. h4 {[%emt 0:10:10]} Ne6 {[%emt 0:00:27]} 26. Rd1 {[%emt 0:01:59]} Qe8 {[%emt 0:00:35]} 27. Kh2 {[%emt 0:02:45]} h5 {[%emt 0:01:18]} 28. Qf2 {[%emt 0:08:17]} f6 {[%emt 0:05:33]} 29. Rd3 {[%emt 0:01:27]} Rc8 {[%emt 0:03:19]} 30. Rfd1 {[%emt 0:06:06]} Bd8 {[%emt 0:05:35]} 31. Bxd8 {[%emt 0:01:19]} Rxd8 {[%emt 0:01:25]} 32. Nc7 {[%emt 0:00:45]} Nxc7 {[%emt 0:00:55]} 33. Rxd8 {[%emt 0:00:05]} Qxd8 {[%emt 0:00:34]} 34. Rxd8 {[%emt 0:00:05]} Rxd8 {[%emt 0:00:02]} 35. Qe3 {[%emt 0:02:21]} Rd4 {[%emt 0:01:06]} 36. c3 {[%emt 0:00:49]} Rd7 {[%emt 0:00:57]} 37. Bf1 {[%emt 0:01:30]} Ne8 {[%emt 0:02:15]} 38. Bh3 {[%emt 0:00:47]} Rd1 {[%emt 0:00:29]} 39. Qe2 {[%emt 0:01:27]} Rb1 {[%emt 0:01:11]} 40. Qd3 {[%emt 0:00:43]} Rxb3 {[%emt 0:00:53]} 41. Bd7 {[%emt 0:10:18]} Bxd7 {[%emt 0:07:41]} 42. Qxd7+ {[%emt 0:00:05]} Kf8 {[%emt 0:00:14]} 43. c4 {[%emt 0:03:55]} a5 {[%emt 0:04:40]} 44. Qd8 {[%emt 0:00:49]} Rb4 {[%emt 0:00:40]} 45. Qxa5 {[%emt 0:11:33]} Rxc4 {[%emt 0:00:06]} 46. Qb5 {[%emt 0:00:07]} Rc7 {[%emt 0:00:02]} 47. Qb6 {[%emt 0:00:26]} Re7 {[%emt 0:00:31]} 48. Kh3 {[%emt 0:01:13]} Kf7 {[%emt 0:01:41]} 49. Kg2 {[%emt 0:01:31]} Ng7 {[%emt 0:01:05]} 50. Kf3 {[%emt 0:00:59]} Ne6 {[%emt 0:02:21]} 51. Qd6 {[%emt 0:00:27]} Nf8 {[%emt 0:00:49]} 52. Qb8 {[%emt 0:00:34]} Rd7 {[%emt 0:01:38]} 53. g4 {[%emt 0:00:32]} hxg4+ {[%emt 0:00:05]} 54. Kxg4 {[%emt 0:00:05]} Re7 {[%emt 0:03:00]} 55. Qc8 {[%emt 0:00:51]} Kg7 {[%emt 0:01:58]} 56. h5 {[%emt 0:01:36]} gxh5+ {[%emt 0:00:05]} 57. Kxh5 {[%emt 0:00:03]} Ne6 {[%emt 0:01:29]} 58. Kg4 {[%emt 0:00:19]} Ng5 {[%emt 0:01:46]} 59. Qd8 {[%emt 0:00:08]} Rf7 {[%emt 0:00:27]} 60. Kf5 {[%emt 0:03:16]} Nf3 {[%emt 0:02:49]} 61. Kg4 {[%emt 0:00:04]} Ng5 {[%emt 0:00:26]} 62. Kf5 1/2-1/2

[Event "XIV American Continental-ch 2019"]
[Site "Sao Paulo"]
[Date "2019.07.07"]
[Round "3.24"]
[White "Martins, Carlos"]
[Black "Roselli Mailhe, Bernardo"]
[Result "1/2-1/2"]
[WhiteElo "2238"]
[BlackElo "2471"]
[Annotator "TA"]
[PlyCount "128"]
[EventDate "2019.07.05"]
[EventType "swiss"]
[EventCountry "BRA"]
[SourceTitle "playchess.com"]
[Source "ChessBase"]
[SourceQuality "1"]

{[%evp 13,128,27,39,29,36,36,55,0,9,4,4,-30,-26,-33,-14,-18,-17,-27,-23,-27,-14,-8,0,-18,0,-20,-21,-31,-43,-77,-77,-77,-74,-94,-94,-92,-85,-107,-103,-99,-90,-93,-93,-123,-100,-102,-95,-102,-108,-106,-60,-61,-60,-60,-61,-65,-63,-54,0,0,165,175,157,148,410,427,406,400,392,389,380,375,367,325,315,314,223,223,223,223,223,223,223,223,223,0,223,223,223,223,345,308,452,444,694,-33,-33,-33,-33,-33,-33,-33,-33,-33,-33,-33,-8,-8,-8,-8,-8,-8,0,0,0,0,0]} 1. e4 e6 2. d4 d5 3. Nc3 Bb4 4. e5 b6 5. a3 Bf8 6. Bb5+ c6 7. Ba4 a5 8. Nce2 {C16: French: 3 Nc3 Bb4 4 e5: Lines without ...c5} b5 (8... Ba6 9. c3 Bb5 10. Bc2 a4 11. h4 c5 12. Nf3 Qd7 13. h5 Nh6 14. O-O Nc6 15. Re1 Bxe2 16. Rxe2 {1-0 (43) Morozevich,A (2675)-Vaganian,R (2562) Biel 2017}) 9. Bb3 c5 10. dxc5 $146 ({Better is} 10. c3 $14) ({Predecessor:} 10. c3 Nc6 11. f4 Ba6 12. Nf3 Nh6 13. Be3 Qb6 14. h3 a4 15. Bc2 Na5 16. dxc5 Bxc5 17. Bxc5 Qxc5 {1-0 (63) Muzychuk,A (2533)-Hoang,T (2501) Ohrid 2009}) 10... Bxc5 11. Nf3 Ne7 12. Bf4 Ba6 13. c3 Nbc6 14. O-O b4 15. axb4 axb4 16. Re1 Bxe2 17. Qxe2 O-O 18. Bc2 Ng6 19. Bg3 Qb6 20. h4 bxc3 21. bxc3 Rxa1 22. Rxa1 Qb2 $36 {[%mdl 2048] Black is really pushing.} 23. Ra6 Nb8 $1 {[%cal Rb8a6]} 24. Ra4 {aiming for h5.} Qxc3 25. Kh2 Rc8 26. Ng5 Be7 27. Bxg6 hxg6 28. Nf3 Nc6 29. Qa6 Rb8 30. Bf4 Bd8 31. Bd2 Qc5 32. Be3 Qb5 33. Qxb5 Rxb5 34. Ra6 Nb8 $1 {[%cal Rb8a6]} 35. Ra8 {Black should prevent Bc5!} Rb7 (35... Kf8 $1 $15) 36. Bc5 $1 $11 {[%cal Rc5d6]} Kh7 $2 {[#]} (36... Nc6 $1 $11 {and Black is okay.}) 37. Bd6 $1 $18 {[%cal Rd6b8]} Nc6 38. Rc8 Rb6 $2 {[%mdl 8192] [#]} (38... Bxh4 $16 {was worth a try.} 39. Nxh4 Na7) 39. Bc7 $1 {[%cal Rc7b6]} Nxe5 40. Nxe5 ({Not} 40. Bxd8 Nxf3+ 41. Kg3 (41. gxf3 Rd6 $16) 41... Rb3 $16) (40. Bxe5 Bf6 $18) 40... Bxc7 41. Rxc7 {[%mdl 4096] Endgame KRN-KR} f6 42. Nd7 Rb4 43. Nf8+ Kh6 44. Nxe6 Rxh4+ {[#]} 45. Kg3 $1 Re4 46. Nf4 ({Weaker is} 46. Nxg7 d4 $14) 46... d4 47. f3 Re3 48. Rc8 Kh7 49. Rc7 Kh6 $1 50. Kf2 Ra3 51. Rd7 g5 (51... Ra2+ {was necessary.} 52. Ne2 g5 53. Rxd4 Ra7) 52. Ne6 ({Worse is} 52. Rxd4 gxf4 53. Rxf4 Kg6 $11) 52... d3 (52... Ra2+ {keeps fighting.} 53. Kg3 Re2) 53. g4 Ra2+ (53... d2 $142 54. Ke2 d1=R 55. Rxd1 Ra2+ 56. Ke3 Ra7) 54. Ke3 $2 (54. Kg3 $18) 54... Re2+ $15 55. Kxd3 Rxe6 {KR-KR} 56. Rf7 Kg6 57. Rf8 Re7 58. Kd4 Rf7 59. Rd8 f5 60. gxf5+ {The position is equal.} Kxf5 {White must now prevent ...Kf4.} 61. Ke3 g4 62. Rd4 g3 {Hoping for ...Re7+.} 63. Rf4+ Ke6 {( -> ...Rxf4)} (63... Kg6 $5 {[%cal Rf7f4]} 64. Rg4+ {[%mdl 64] Double Attack} Kf6 $11) 64. Rg4 Ke5 {Accuracy: White = 72%, Black = 54%.} (64... g2 $5) 1/2-1/2

[Event "XIV American Continental-ch 2019"]
[Site "Sao Paulo"]
[Date "2019.07.07"]
[Round "4.1"]
[White "Iturrizaga Bonelli, Eduardo"]
[Black "Gonzalez Vidal, Yuri"]
[Result "1/2-1/2"]
[WhiteElo "2625"]
[BlackElo "2547"]
[Annotator "RC"]
[PlyCount "35"]
[EventDate "2019.07.05"]
[EventType "swiss"]
[EventCountry "BRA"]
[SourceTitle "playchess.com"]
[Source "ChessBase"]
[SourceQuality "1"]
[TimeControl "40/5400+30:1800+30"]

1. c4 {[%emt 0:09:15]} e6 {[%emt 0:00:00]} 2. Nf3 {[%emt 0:01:40]} Nf6 {[%emt 0:00:27]} 3. b3 {[%emt 0:05:00]} b6 {[%emt 0:02:37]} 4. Bb2 {[%emt 0:05:36]} Bb7 {[%emt 0:00:18]} 5. e3 {[%emt 0:00:50]} c5 {[%emt 0:02:32]} 6. Be2 {[%emt 0:03:24]} Nc6 {[%emt 0:01:07]} 7. O-O {[%emt 0:06:29]} Be7 {[%emt 0:00:54]} 8. Nc3 {[%emt 0:03:15]} O-O {[%emt 0:01:52]} 9. d4 {[%emt 0:03:00]} cxd4 {[%emt 0:02:16]} 10. Nxd4 {[%emt 0:00:13]} d6 {[%emt 0:09:02]} 11. Qd2 {[%emt 0:13:40]} a6 {[%emt 0:04:19]} 12. Rfd1 {[%emt 0:00:16]} Qb8 {[%emt 0:10:52]} 13. Rac1 {[%emt 0:07:41]} Rd8 {[%emt 0:01:34]} 14. a3 {[%emt 0:13:00]} Qa7 {[%emt 0:04:00]} 15. b4 {[%emt 0:06:22]} Rac8 {[%emt 0:01:59]} 16. Nf3 {[%emt 0:00:31]} Nb8 {[%emt 0:09:13]} 17. Bd3 {[%emt 0:10:29]} Nbd7 {[%emt 0:05:18]} 18. Qe2 {[%emt 0:02:41]} 1/2-1/2

[Event "XIV American Continental-ch 2019"]
[Site "Sao Paulo"]
[Date "2019.07.07"]
[Round "4.2"]
[White "Krysa, Leandro"]
[Black "Gareyev, Timur"]
[Result "1-0"]
[WhiteElo "2517"]
[BlackElo "2588"]
[Annotator "ChessBase"]
[PlyCount "75"]
[EventDate "2019.07.05"]
[EventType "swiss"]
[EventCountry "BRA"]
[SourceTitle "playchess.com"]
[Source "ChessBase"]
[SourceQuality "1"]
[TimeControl "40/5400+30:1800+30"]

1. d4 {[%emt 0:00:00]} Nf6 {[%emt 0:01:58]} 2. c4 {[%emt 0:00:00]} g6 {[%emt 0:03:37]} 3. Nf3 {[%emt 0:00:18]} Bg7 {[%emt 0:00:11]} 4. g3 {[%emt 0:00:13]} c6 {[%emt 0:05:30]} 5. Bg2 {[%emt 0:00:42]} d5 {[%emt 0:00:10]} 6. Ne5 {[%emt 0:00:35]} dxc4 {[%emt 0:02:13]} 7. Na3 {[%emt 0:06:23]} Ng4 {[%emt 0:03:27]} 8. Naxc4 {[%emt 0:03:44]} Nxe5 {[%emt 0:05:01]} 9. Nxe5 {[%emt 0:00:10]} Bxe5 {[%emt 0:00:39]} 10. dxe5 {[%emt 0:00:07]} Qxd1+ {[%emt 0:00:04]} 11. Kxd1 {[%emt 0:00:08]} Be6 {[%emt 0:00:16]} 12. Kc2 {[%emt 0:12:07]} a5 {[%emt 0:13:59]} 13. b3 {[%emt 0:11:31]} a4 {[%emt 0:06:04]} 14. Ba3 {[%emt 0:01:24]} Ra5 {[%emt 0:06:59]} 15. f4 {[%emt 0:08:05]} axb3+ {[%emt 0:04:53]} 16. axb3 {[%emt 0:00:06]} Na6 {[%emt 0:00:14]} 17. e4 {[%emt 0:08:04]} h5 {[%emt 0:04:10]} 18. h3 {[%emt 0:05:45]} c5 {[%emt 0:06:06]} 19. Rhf1 {[%emt 0:10:22]} O-O {[%emt 0:00:42]} 20. f5 {[%emt 0:01:16]} Bd7 {[%emt 0:00:01]} 21. g4 {[%emt 0:08:19]} Ra8 {[%emt 0:00:18]} 22. Bb2 {[%emt 0:02:35]} Nb4+ {[%emt 0:00:19]} 23. Kd2 {[%emt 0:04:58]} Ra2 {[%emt 0:17:52]} 24. Kc3 {[%emt 0:05:01]} Bb5 {[%emt 0:00:35]} 25. Rg1 {[%emt 0:04:04]} Rxa1 {[%emt 0:03:14]} 26. Rxa1 {[%emt 0:00:52]} Rd8 {[%emt 0:00:26]} 27. Bf1 {[%emt 0:00:28]} Bxf1 {[%emt 0:08:51]} 28. Rxf1 {[%emt 0:00:01]} Rd3+ {[%emt 0:02:38]} 29. Kc4 {[%emt 0:00:04]} b5+ {[%emt 0:00:28]} 30. Kxc5 {[%emt 0:01:34]} Rxb3 {[%emt 0:00:03]} 31. Bd4 {[%emt 0:02:37]} Nc2 {[%emt 0:01:30]} 32. gxh5 {[%emt 0:00:36]} gxh5 {[%emt 0:00:23]} 33. Rg1+ {[%emt 0:01:06]} Kf8 {[%emt 0:00:20]} 34. f6 {[%emt 0:00:39]} exf6 {[%emt 0:01:33]} 35. exf6 {[%emt 0:00:14]} Ke8 {[%emt 0:02:03]} 36. Kd6 {[%emt 0:00:57]} Kf8 {[%emt 0:00:02]} 37. Bc5 {[%emt 0:00:36]} Rc3 {[%emt 0:00:22]} 38. Kc6+ {[%emt 0:00:19]} 1-0

[Event "XIV American Continental-ch 2019"]
[Site "Sao Paulo"]
[Date "2019.07.07"]
[Round "4.3"]
[White "Pichot, Alan"]
[Black "Cubas, Jose Fernando"]
[Result "1-0"]
[WhiteElo "2579"]
[BlackElo "2493"]
[Annotator "ChessBase"]
[PlyCount "30"]
[EventDate "2019.07.05"]
[EventType "swiss"]
[EventCountry "BRA"]
[SourceTitle "playchess.com"]
[Source "ChessBase"]
[SourceQuality "1"]
[TimeControl "40/5400+30:1800+30"]

1. e4 {[%emt 0:02:51]} e6 {[%emt 0:00:00]} 2. d4 {[%emt 0:00:10]} d5 {[%emt 0:00:00]} 3. Nc3 {[%emt 0:01:44]} Nf6 {[%emt 0:01:22]} 4. e5 {[%emt 0:00:15]} Nfd7 {[%emt 0:00:05]} 5. f4 {[%emt 0:00:24]} c5 {[%emt 0:00:09]} 6. Nf3 {[%emt 0:00:04]} Nc6 {[%emt 0:00:05]} 7. Be3 {[%emt 0:00:05]} Be7 {[%emt 0:10:55]} 8. Qd2 {[%emt 0:03:48]} O-O {[%emt 0:00:41]} 9. dxc5 {[%emt 0:00:06]} Nxc5 {[%emt 0:15:30]} 10. O-O-O {[%emt 0:01:00]} Rb8 {[%emt 0:19:18]} 11. Kb1 {[%emt 0:16:01]} Bd7 {[%emt 0:11:26]} 12. f5 {[%emt 0:05:53]} exf5 {[%emt 0:01:21]} 13. Bxc5 {[%emt 0:01:25]} Bxc5 {[%emt 0:00:44]} 14. Qxd5 Bc8 15. Qd2 Be7 1-0

[Event "XIV American Continental-ch 2019"]
[Site "Sao Paulo"]
[Date "2019.07.07"]
[Round "4.4"]
[White "Supi, Luis Paulo"]
[Black "Hambleton, Aman"]
[Result "1/2-1/2"]
[WhiteElo "2562"]
[BlackElo "2487"]
[Annotator "ChessBase"]
[PlyCount "63"]
[EventDate "2019.07.05"]
[EventType "swiss"]
[EventCountry "BRA"]
[SourceTitle "playchess.com"]
[Source "ChessBase"]
[SourceQuality "1"]
[TimeControl "40/5400+30:1800+30"]

1. c4 {[%emt 0:00:00]} e5 {[%emt 0:00:30]} 2. g3 {[%emt 0:00:37]} Nf6 {[%emt 0:01:33]} 3. Bg2 {[%emt 0:00:28]} c6 {[%emt 0:00:23]} 4. e4 {[%emt 0:03:35]} d5 {[%emt 0:07:51]} 5. cxd5 {[%emt 0:00:26]} cxd5 {[%emt 0:00:09]} 6. exd5 {[%emt 0:00:08]} Nxd5 {[%emt 0:00:20]} 7. Nf3 {[%emt 0:00:06]} Nc6 {[%emt 0:00:54]} 8. O-O {[%emt 0:00:32]} Be7 {[%emt 0:05:39]} 9. d4 {[%emt 0:04:50]} exd4 {[%emt 0:03:48]} 10. Nxd4 {[%emt 0:00:23]} O-O {[%emt 0:00:16]} 11. Nxc6 {[%emt 0:01:53]} bxc6 {[%emt 0:00:08]} 12. Nc3 {[%emt 0:06:37]} Nxc3 {[%emt 0:18:30]} 13. bxc3 {[%emt 0:00:07]} Ba6 {[%emt 0:01:30]} 14. Re1 {[%emt 0:01:25]} Bf6 {[%emt 0:00:18]} 15. Ba3 {[%emt 0:05:22]} Bxc3 {[%emt 0:12:02]} 16. Bxf8 {[%emt 0:01:26]} Qxd1 {[%emt 0:19:25]} 17. Rexd1 {[%emt 0:26:25]} Bxa1 {[%emt 0:00:10]} 18. Be7 {[%emt 0:00:09]} Bf6 {[%emt 0:05:22]} 19. Bxc6 {[%emt 0:02:44]} Rc8 {[%emt 0:00:17]} 20. Bxf6 {[%emt 0:01:13]} gxf6 {[%emt 0:00:05]} 21. Rd6 {[%emt 0:01:12]} Bc4 {[%emt 0:00:52]} 22. Bd5 {[%emt 0:02:44]} a5 {[%emt 0:02:10]} 23. Bxc4 {[%emt 0:08:12]} Rxc4 {[%emt 0:00:10]} 24. Rxf6 {[%emt 0:00:13]} Ra4 {[%emt 0:00:13]} 25. Rf5 {[%emt 0:00:08]} Rxa2 {[%emt 0:00:13]} 26. g4 {[%emt 0:00:10]} h6 {[%emt 0:00:28]} 27. Kg2 {[%emt 0:00:55]} Ra3 {[%emt 0:01:59]} 28. h4 {[%emt 0:00:51]} Kg7 {[%emt 0:00:15]} 29. f3 {[%emt 0:01:53]} Ra2+ {[%emt 0:01:35]} 30. Kg3 {[%emt 0:00:21]} Ra1 {[%emt 0:00:31]} 31. h5 {[%emt 0:02:30]} a4 {[%emt 0:02:58]} 32. Ra5 {[%emt 0:00:11]} 1/2-1/2

[Event "XIV American Continental-ch 2019"]
[Site "Sao Paulo"]
[Date "2019.07.07"]
[Round "4.5"]
[White "Quintiliano Pinto, Renato R."]
[Black "Perez Ponsa, Federico"]
[Result "1/2-1/2"]
[WhiteElo "2443"]
[BlackElo "2560"]
[Annotator "ChessBase"]
[PlyCount "59"]
[EventDate "2019.07.05"]
[EventType "swiss"]
[EventCountry "BRA"]
[SourceTitle "playchess.com"]
[Source "ChessBase"]
[SourceQuality "1"]
[TimeControl "40/5400+30:1800+30"]

1. Nf3 {[%emt 0:00:00]} Nf6 {[%emt 0:01:49]} 2. c4 {[%emt 0:00:21]} g6 {[%emt 0:00:08]} 3. Nc3 {[%emt 0:01:22]} Bg7 {[%emt 0:00:06]} 4. d4 {[%emt 0:00:32]} d6 {[%emt 0:00:06]} 5. e4 {[%emt 0:00:52]} O-O {[%emt 0:00:06]} 6. Be2 {[%emt 0:00:12]} e5 {[%emt 0:00:08]} 7. O-O {[%emt 0:00:14]} Nc6 {[%emt 0:00:04]} 8. d5 {[%emt 0:00:20]} Ne7 {[%emt 0:00:05]} 9. b4 {[%emt 0:01:19]} a5 {[%emt 0:00:16]} 10. Ba3 {[%emt 0:00:06]} Re8 {[%emt 0:00:04]} 11. bxa5 {[%emt 0:03:03]} c5 {[%emt 0:00:12]} 12. Nd2 {[%emt 0:11:07]} Rxa5 {[%emt 0:00:39]} 13. Bb2 {[%emt 0:00:06]} Rf8 {[%emt 0:01:20]} 14. Nb5 {[%emt 0:03:46]} Ra6 {[%emt 0:03:39]} 15. a4 {[%emt 0:05:11]} Ne8 {[%emt 0:02:14]} 16. Ra3 {[%emt 0:06:52]} f5 {[%emt 0:02:21]} 17. exf5 {[%emt 0:08:37]} gxf5 {[%emt 0:02:53]} 18. f4 {[%emt 0:00:48]} Ng6 {[%emt 0:08:26]} 19. fxe5 {[%emt 0:18:11]} dxe5 {[%emt 0:00:07]} 20. Kh1 {[%emt 0:02:16]} Qe7 {[%emt 0:12:13]} 21. g4 {[%emt 0:10:19]} Nf4 {[%emt 0:07:02]} 22. gxf5 {[%emt 0:00:41]} Rh6 {[%emt 0:02:20]} 23. Qe1 {[%emt 0:06:51]} Bxf5 {[%emt 0:11:39]} 24. Rg1 {[%emt 0:02:59]} Rff6 {[%emt 0:06:19]} 25. Rgg3 {[%emt 0:05:55]} Rh4 {[%emt 0:03:54]} 26. Bf1 {[%emt 0:00:47]} Rg6 {[%emt 0:12:21]} 27. Nf3 {[%emt 0:05:19]} Rxg3 {[%emt 0:08:42]} 28. Nxh4 {[%emt 0:00:10]} Rxa3 {[%emt 0:04:00]} 29. Nxf5 {[%emt 0:00:07]} Qg5 {[%emt 0:00:01]} 30. Bxa3 {[%emt 0:02:52]} 1/2-1/2

[Event "XIV American Continental-ch 2019"]
[Site "Sao Paulo"]
[Date "2019.07.08"]
[Round "4.6"]
[White "Fier, Alexandr"]
[Black "Santiago, Yago De Moura"]
[Result "1-0"]
[WhiteElo "2547"]
[BlackElo "2473"]
[Annotator "ChessBase"]
[PlyCount "107"]
[EventDate "2019.07.05"]
[EventType "swiss"]
[EventCountry "BRA"]
[SourceTitle "playchess.com"]
[Source "ChessBase"]
[SourceQuality "1"]
[TimeControl "40/5400+30:1800+30"]

1. c4 {[%emt 0:00:00]} Nf6 {[%emt 0:00:01]} 2. Nc3 {[%emt 0:00:14]} c5 {[%emt 0:00:25]} 3. Nf3 {[%emt 0:00:43]} d5 {[%emt 0:00:09]} 4. cxd5 {[%emt 0:01:15]} Nxd5 {[%emt 0:00:09]} 5. e3 {[%emt 0:00:02]} Nc6 {[%emt 0:02:23]} 6. d4 {[%emt 0:00:15]} cxd4 {[%emt 0:00:26]} 7. exd4 {[%emt 0:00:49]} e6 {[%emt 0:00:19]} 8. Bd3 {[%emt 0:00:14]} Be7 {[%emt 0:01:03]} 9. O-O {[%emt 0:00:06]} O-O {[%emt 0:00:57]} 10. Qe2 {[%emt 0:03:01]} Nf6 {[%emt 0:01:52]} 11. Rd1 {[%emt 0:00:22]} Nb4 {[%emt 0:01:32]} 12. Ne5 {[%emt 0:00:07]} Bd7 {[%emt 0:04:55]} 13. Bc4 {[%emt 0:00:26]} Bc6 {[%emt 0:08:21]} 14. Bb3 {[%emt 0:07:53]} Rc8 {[%emt 0:03:42]} 15. Bg5 {[%emt 0:02:02]} Nfd5 {[%emt 0:10:32]} 16. Nxc6 {[%emt 0:01:05]} Nxc6 {[%emt 0:02:25]} 17. Be3 {[%emt 0:03:00]} Nxe3 {[%emt 0:06:33]} 18. fxe3 {[%emt 0:00:52]} Bd6 {[%emt 0:00:20]} 19. Rf1 {[%emt 0:04:07]} Na5 {[%emt 0:04:25]} 20. Bc2 {[%emt 0:04:32]} Nc4 {[%emt 0:03:48]} 21. Rf3 {[%emt 0:05:40]} g6 {[%emt 0:03:07]} 22. Bd3 {[%emt 0:00:44]} Nb6 {[%emt 0:01:32]} 23. Raf1 {[%emt 0:04:03]} f5 {[%emt 0:05:14]} 24. e4 {[%emt 0:06:02]} f4 {[%emt 0:09:36]} 25. e5 {[%emt 0:07:54]} Bb4 {[%emt 0:00:15]} 26. Rxf4 {[%emt 0:02:08]} Rxf4 {[%emt 0:00:13]} 27. Rxf4 {[%emt 0:00:02]} Bxc3 {[%emt 0:00:14]} 28. bxc3 {[%emt 0:00:04]} Rxc3 {[%emt 0:02:50]} 29. h4 {[%emt 0:00:58]} Nd5 {[%emt 0:10:16]} 30. Rg4 {[%emt 0:00:04]} Kh8 {[%emt 0:01:41]} 31. Qd2 {[%emt 0:01:45]} Qf8 {[%emt 0:01:47]} 32. Be4 {[%emt 0:02:29]} Ne3 {[%emt 0:06:07]} 33. Qxc3 {[%emt 0:08:37]} Qf1+ {[%emt 0:00:08]} 34. Kh2 {[%emt 0:00:02]} Nxg4+ {[%emt 0:00:05]} 35. Kg3 {[%emt 0:00:07]} h5 {[%emt 0:02:08]} 36. Qd2 {[%emt 0:02:55]} Qh1 {[%emt 0:03:54]} 37. Bxg6 {[%emt 0:04:51]} Qh2+ {[%emt 0:00:16]} 38. Kf3 {[%emt 0:00:04]} Qxh4 {[%emt 0:00:05]} 39. g3 {[%emt 0:06:58]} Qh1+ {[%emt 0:00:50]} 40. Kf4 {[%emt 0:00:03]} Kg7 {[%emt 0:04:45]} 41. Kg5 {[%emt 0:32:15]} Nh2 {[%emt 0:18:04]} 42. Bxh5 {[%emt 0:00:00]} Nf3+ {[%emt 0:00:08]} 43. Bxf3 {[%emt 0:00:00]} Qxf3 {[%emt 0:00:04]} 44. Qf4 {[%emt 0:00:00]} Qd5 {[%emt 0:00:10]} 45. Qf6+ {[%emt 0:00:00]} Kg8 {[%emt 0:00:12]} 46. Qe7 {[%emt 0:00:00]} Qc6 {[%emt 0:06:54]} 47. Kf6 {[%emt 0:00:00]} Qf3+ {[%emt 0:00:09]} 48. Kxe6 {[%emt 0:00:00]} Qg4+ {[%emt 0:00:09]} 49. Kf6 {[%emt 0:00:00]} Qf3+ {[%emt 0:00:13]} 50. Kg6 {[%emt 0:00:00]} Qe4+ {[%emt 0:00:13]} 51. Kh6 {[%emt 0:00:00]} Qh1+ {[%emt 0:00:13]} 52. Qh4 {[%emt 0:00:00]} Qc6+ {[%emt 0:00:08]} 53. Qf6 {[%emt 0:00:00]} Qh1+ {[%emt 0:00:06]} 54. Kg6 {[%emt 0:00:00]} 1-0